| 000 | 00486nam a22001577a 4500 | ||
|---|---|---|---|
| 003 | macl | ||
| 005 | 20170526122925.0 | ||
| 008 | 170526b xxu||||| |||| 00| 0 eng d | ||
| 040 | _cmacl | ||
| 082 | _a897.437 | ||
| 100 |
_aपालं जोगेन्द्र _967218 |
||
| 245 | _aइतनी सी बात | ||
| 260 |
_aदिल्ली _bराजकुमार एण्ड संस _c2016 |
||
| 650 |
_aव्यंग्य _967219 |
||
| 942 |
_2ddc _cHIN |
||
| 999 |
_c56375 _d56375 |
||